| 000 | 00667nam a2200205 a 4500 | ||
|---|---|---|---|
| 005 | 20240806064032.0 | ||
| 008 | 041109s2001 es r 000 0 spa d | ||
| 020 | _a8477023468 | ||
| 035 | _aUPN01000136284 | ||
| 049 | _aCG | ||
| 050 | 4 |
_aPS3220 _bD5 |
|
| 100 | 1 |
_aWhitman, Walt, _d1819-1892 _932621 |
|
| 245 | 1 | 0 |
_aDías cruciales en América : _bdiario de la Guerra de Secesión, 1862-1865 / _cWalt Whitman ; tr. José Luis Moreno-Ruiz. |
| 260 |
_aMadrid : _bValdemar, _c2001. |
||
| 300 | _a248 p. | ||
| 440 | 3 |
_aEl club de Diógenes ; _v161 |
|
| 534 |
_pTraducción de: _tSpecimen days in America |
||
| 650 | 4 |
_aLiteratura estadounidense _95229 |
|
| 905 | _aLibro | ||
| 999 |
_c108435 _d108435 |
||